000 00606nam a22002177a 4500
003 OSt
005 20140310182932.0
008 130131t xxu||||| |||| 00| 0 eng d
020 _a9789712346958
050 _aPL6055
_b.M523 2007
082 _aFIL 808.0427
_bM52 2007
245 _aPagbasa at pagsulat sa iba't-ibang disiplina sa antas tersarya
_cMendoza, Zenaida M.
260 _aManila
_bRex Book Store
_cc2007
300 _a327 p.
_c22 cm.
_b ill.
521 _acollege students
526 _c1210L-1700L
541 _j1
541 _j2
562 _e2
942 _2lcc
_cBK
_kFIL
999 _c17551
_d17551